[Event "S. A. Group BAN-chT 2018"]
[Site "Dhaka"]
[Date "2018.12.08"]
[Round "3"]
[White "Aronyak Ghosh"]
[Black "Mihir Lal, Das"]
[Result "1/2-1/2"]
[WhiteElo "2343"]
[BlackElo "2010"]
[Annotator "NA"]
[PlyCount "79"]
[EventDate "2018.12.07"]
[EventType "team-tourn"]
[EventCountry "BAN"]
[SourceTitle "playchess.com"]
[Source "ChessBase"]
[SourceQuality "1"]
[TimeControl "5400+30"]

1. c4 {[%emt 0:00:00]} Nf6 {[%emt 0:00:00]} 2. Nc3 {[%emt 0:00:00]} d5 {[%emt 0:00:15]} 3. cxd5 {[%emt 0:00:25]} Nxd5 {[%emt 0:00:11]} 4. g3 {[%emt 0:00:11]} g6 {[%emt 0:00:56]} 5. Bg2 {[%emt 0:00:07]} Nxc3 {[%emt 0:01:14]} 6. bxc3 {[%emt 0:00:06]} Bg7 {[%emt 0:00:18]} 7. Rb1 {[%emt 0:00:07]} c6 {[%emt 0:00:26]} 8. Nf3 {[%emt 0:00:55]} O-O {[%emt 0:00:26]} 9. O-O {[%emt 0:01:36]} b6 {[%emt 0:01:42] A16: English Opening: 1...Nf6 with ...d5} 10. c4 {[%emt 0:00:54]} Nd7 {[%emt 0:08:20]} 11. d3 {[%emt 0:00:11]} Bb7 {[%emt 0:01:18]} 12. Bb2 {[%emt 0:03:04]} c5 {[%emt 0:03:28]} 13. Bxg7 {[%emt 0:02:12]} Kxg7 {[%emt 0:00:02]} 14. a4 {[%emt 0:00:21]} Qc7 {[%emt 0:01:35] [#]} 15. Qd2 $146 {[%emt 0:01:23]} ({Predecessor:} 15. a5 Bc6 16. Qd2 bxa5 17. Nh4 Bxg2 18. Nxg2 a4 19. Ne3 {1-0 (54) Serper,G (2535)-Zugic,I (2335) North Bay 1998}) 15... Rab8 {[%emt 0:02:53]} 16. Rb2 {[%emt 0:04:35]} Bxf3 {[%emt 0:03:36]} 17. Bxf3 {[%emt 0:00:16]} Ne5 {[%emt 0:00:08]} 18. Bg2 {[%emt 0:02:15]} Nc6 {[%emt 0:00:05]} 19. Bxc6 {[%emt 0:00:20]} Qxc6 {[%emt 0:00:04]} 20. Ra1 {[%emt 0:00:04]} a6 {[%emt 0:14:44]} 21. Rb3 {[%emt 0:00:34]} Rb7 {[%emt 0:04:11]} 22. Qb2+ {[%emt 0:00:33]} f6 {[%emt 0:00:08]} 23. Rb1 {[%emt 0:03:00]} Rfb8 {[%emt 0:00:52]} 24. Qc3 $11 {[%emt 0:00:15]} h5 {[%emt 0:13:56]} 25. h4 {[%emt 0:00:09]} Qd7 {[%emt 0:00:41]} 26. Qa1 {[%emt 0:02:52]} Qc6 {[%emt 0:02:53]} 27. e4 {[%emt 0:08:45]} e5 {[%emt 0:06:39]} 28. Rf1 {[%emt 0:00:30]} Qd7 {[%emt 0:05:58]} 29. f4 {[%emt 0:04:02]} Qh3 {[%emt 0:04:16]} 30. Qe1 {[%emt 0:00:30]} b5 {[%emt 0:08:26]} 31. fxe5 {[%emt 0:02:40]} bxc4 {[%emt 0:05:31]} 32. Rxb7+ {[%emt 0:00:05]} Rxb7 {[%emt 0:00:03]} 33. exf6+ {[%emt 0:03:16]} Kf7 {[%emt 0:01:14]} 34. e5 {[%emt 0:03:10]} Rb2 {[%emt 0:01:13]} 35. e6+ {[%emt 0:00:04]} Kg8 {[%emt 0:00:28]} 36. f7+ {[%emt 0:00:39]} Kh7 {[%emt 0:00:11]} 37. Rf2 {[%emt 0:04:13]} Qxg3+ {[%emt 0:00:35]} 38. Kf1 {[%emt 0:00:01]} Qh3+ {[%emt 0:00:40]} 39. Kg1 {[%emt 0:00:02]} Qg3+ {[%emt 0:00:35]} 40. Kf1 {[%emt 0:00:02]} 1/2-1/2

[Event "S. A. Group BAN-chT 2018"]
[Site "Dhaka"]
[Date "2018.12.08"]
[Round "3"]
[White "Sidhant, Mohapatra"]
[Black "Khan, Jewel"]
[Result "1-0"]
[WhiteElo "2343"]
[BlackElo "1957"]
[Annotator "NA"]
[PlyCount "79"]
[EventDate "2018.12.07"]
[EventType "team-tourn"]
[EventCountry "BAN"]
[SourceTitle "playchess.com"]
[Source "ChessBase"]
[SourceQuality "1"]
[TimeControl "5400+30"]

1. Nf3 {[%emt 0:00:00]} Nf6 {[%emt 0:19:38]} 2. c4 {[%emt 0:00:30]} e6 {[%emt 0:00:49]} 3. g3 {[%emt 0:01:03]} d5 {[%emt 0:01:10]} 4. Bg2 {[%emt 0:00:09]} Bd6 {[%emt 0:01:45]} 5. O-O {[%emt 0:00:35]} O-O {[%emt 0:00:19]} 6. Qc2 {[%emt 0:00:59]} c6 {[%emt 0:01:21]} 7. d4 {[%emt 0:00:12]} Nbd7 {[%emt 0:00:44]} 8. Nbd2 {[%emt 0:00:10]} Qc7 {[%emt 0:07:15] LiveBook: 4 Games} 9. b3 {[%emt 0:03:18]} b6 {[%emt 0:00:42]} 10. Bb2 {[%emt 0:00:35]} Bb7 {[%emt 0:00:18]} 11. Rac1 {[%emt 0:00:12]} Rac8 {[%emt 0:00:43]} 12. Rfd1 {[%emt 0:01:07]} Qb8 {[%emt 0:02:15]} 13. e4 {[%emt 0:00:55]} Nxe4 {[%emt 0:01:21]} 14. Nxe4 {[%emt 0:00:11]} dxe4 {[%emt 0:00:09]} 15. Qxe4 {[%emt 0:00:05]} Nf6 {[%emt 0:00:48]} 16. Qe2 {[%emt 0:04:05]} Nd7 {[%emt 0:09:40]} 17. c5 {[%emt 0:11:40]} Be7 {[%emt 0:02:03]} 18. b4 {[%emt 0:00:07]} Rfe8 {[%emt 0:03:42]} 19. a4 {[%emt 0:01:24]} a6 {[%emt 0:03:31]} 20. h4 {[%emt 0:03:45]} Bf6 {[%emt 0:03:22]} 21. Ne5 {[%emt 0:01:09]} Nxe5 {[%emt 0:05:46]} 22. dxe5 {[%emt 0:00:27]} Be7 {[%emt 0:00:11]} 23. h5 {[%emt 0:06:41]} a5 {[%emt 0:01:48]} 24. h6 {[%emt 0:03:15]} g6 {[%emt 0:00:57]} 25. bxa5 {[%emt 0:00:57]} bxa5 {[%emt 0:02:41]} 26. Qe3 {[%emt 0:01:25]} Ba6 {[%emt 0:03:58]} 27. Ba3 {[%emt 0:01:50]} f6 {[%emt 0:02:47]} (27... Rc7 $16 28. Qc3 Rec8) 28. exf6 {[%emt 0:00:27]} Bxf6 {[%emt 0:00:13]} 29. Rd6 {[%emt 0:00:24]} Re7 $18 {[%emt 0:03:17]} (29... Qb7 $142 30. Bh3 (30. Rxe6 Qf7 $18) 30... Kh8) 30. Bxc6 {[%emt 0:01:50]} Kf7 {[%emt 0:04:26]} 31. Bd7 {[%emt 0:00:49]} Qxd6 {[%emt 0:01:17]} 32. cxd6 {[%emt 0:00:50]} Rxd7 {[%emt 0:01:25]} 33. Rxc8 {[%emt 0:01:17]} Bxc8 {[%emt 0:00:08]} 34. Qc5 {[%emt 0:01:29]} Bb7 {[%emt 0:01:23]} 35. Qb5 {[%emt 0:00:25]} Ke8 {[%emt 0:00:15]} 36. Bb2 {[%emt 0:00:19]} Bxb2 {[%emt 0:03:30]} 37. Qxb2 {[%emt 0:00:12]} Rf7 {[%emt 0:03:06]} 38. Qh8+ {[%emt 0:01:45]} Kd7 {[%emt 0:00:14]} 39. Qg8 {[%emt 0:00:19]} Rf5 {[%emt 0:03:23]} 40. Qxh7+ {[%emt 0:00:08]} 1-0

[Event "S. A. Group BAN-chT 2018"]
[Site "Dhaka"]
[Date "2018.12.08"]
[Round "3"]
[White "Abu Sufian, Shakil"]
[Black "Das, Sayantan"]
[Result "1-0"]
[WhiteElo "2230"]
[BlackElo "2453"]
[Annotator "TA"]
[PlyCount "105"]
[EventDate "2018.12.07"]
[EventType "team-tourn"]
[EventCountry "BAN"]
[SourceTitle "playchess.com"]
[Source "ChessBase"]
[SourceQuality "1"]

{[%evp 26,105,-16,-44,-41,-53,-29,-20,-42,-122,-55,0,-14,0,-40,0,148,139,144,148,131,129,187,172,185,180,303,301,296,285,289,281,381,380,403,373,425,431,472,466,437,330,381,381,696,689,1047,1046,893,708,619,656,620,599,891,852,782,798,1012,1280,1264,1250,1226,1212,1186,1172,1143,1140,1502,1550,2923,2762,2350,2028,29974,29973,29979,29980,29980,29981,29978,29972]} 1. e4 e6 2. d4 d5 3. Nc3 Nf6 4. e5 Nfd7 5. f4 c5 6. Nf3 Nc6 7. Be3 Be7 8. Qd2 O-O 9. dxc5 Qa5 {C11: French: Classical System: 4 e5 and 4 Bg5 dxe4} 10. O-O-O (10. a3 Bxc5 11. O-O-O Rd8 12. Bxc5 Nxc5 13. h4 Bd7 14. h5 h6 15. g4 Be8 16. Qe3 d4 17. Nxd4 Nxd4 18. Rxd4 {½-½ (26) Inarkiev,E (2689)-Volkov,S (2645) St Petersburg 2017}) 10... b6 11. Bb5 Nb4 12. a3 bxc5 13. Bxd7 Bxd7 14. axb4 {LiveBook: 8 Games} cxb4 15. Nb1 Rfc8 $1 16. Nd4 $146 ({Predecessor:} 16. Qf2 Qa2 17. Nd4 {0-1 (26) Sclacmender,J (2239)-Mastalerz,X (2248) Belgium 2018}) 16... Qa2 $1 17. f5 {[#]} (17. b3 $15) 17... exf5 (17... Ba4 $1 $17 18. fxe6 f6) 18. Qd3 $15 a5 19. Nxf5 Bxf5 20. Qxf5 b3 (20... a4 $1 $11 {keeps the balance.} 21. Bd4 a3) 21. c3 $16 {Threatens to win with Rhf1.} a4 22. Rd2 {And now Rf1 would win.} (22. Rxd5 a3 $15) 22... a3 23. bxa3 Qa1 (23... Bxa3+ $16 {is a better defense.} 24. Kd1 Bc5 25. Bxc5 (25. Rxa2 $2 bxa2 26. Bxc5 g6 $19) 25... g6) 24. Kd1 $18 g6 25. Qd3 Rxc3 {[#]} (25... Bxa3 $142 26. Rf1 Ra5) 26. Bd4 $1 {[%cal Rd4c3][%mdl 64] Pin} ({And not} 26. Qxc3 Qxb1+ 27. Qc1 Qe4 $11) 26... Rxd3 27. Bxa1 Rxd2+ 28. Kxd2 Rc8 {and if ...Rc2+ works, Black does fine.} 29. Bc3 Rc4 30. Kd3 Rg4 31. g3 h5 32. Bd4 h4 33. Rg1 Bd8 {intending ...Rxd4+.} 34. Rg2 Ba5 $2 (34... hxg3 35. hxg3 Kf8) 35. Nc3 b2 36. Rxb2 hxg3 37. Rb8+ Kg7 38. hxg3 Rxg3+ 39. Kc2 {Black must now prevent e6+.} Rg2+ 40. Kb3 {Strongly threatening e6+.} Kh6 41. Rb5 Bd8 42. Rxd5 Bg5 43. a4 Bc1 44. Rd7 Rb2+ 45. Kc4 Rb8 46. Rxf7 g5 47. e6 {[%cal Be5e6,Be6e7][%mdl 32]} Re8 48. e7 Ba3 49. Nd5 g4 50. Rg7 {White mates.} g3 51. Rxg3 Bxe7 52. Nxe7 Rxe7 53. a5 {Accuracy: White = 89%, Black = 43%.} 1-0

[Event "S. A. Group BAN-chT 2018"]
[Site "Dhaka"]
[Date "2018.12.08"]
[Round "3"]
[White "Mehdi Hasan Parag"]
[Black "Arpan, Das"]
[Result "1/2-1/2"]
[WhiteElo "2218"]
[BlackElo "2186"]
[Annotator "NA"]
[PlyCount "71"]
[EventDate "2018.12.07"]
[EventType "team-tourn"]
[EventCountry "BAN"]
[SourceTitle "playchess.com"]
[Source "ChessBase"]
[SourceQuality "1"]
[TimeControl "5400+30"]

1. e4 {[%emt 0:00:00]} e5 {[%emt 0:00:00]} 2. Nf3 {[%emt 0:00:00]} Nc6 {[%emt 0:00:00]} 3. Bc4 {[%emt 0:00:01]} Nf6 {[%emt 0:00:00]} 4. d3 {[%emt 0:00:10]} Be7 {[%emt 0:00:04]} 5. O-O {[%emt 0:00:12]} O-O {[%emt 0:00:04]} 6. Re1 {[%emt 0:00:10]} d6 {[%emt 0:00:23]} 7. a4 {[%emt 0:00:15]} Na5 {[%emt 0:00:07]} 8. Ba2 {[%emt 0:00:16] C55: Two Knights: 4 d3, 4 d4 exd4 5 e5 and Max Lange Attack} c5 {[%emt 0:00:03]} 9. c3 {[%emt 0:02:11]} Nc6 {[%emt 0:00:06]} 10. Na3 {[%emt 0:00:22]} h6 {[%emt 0:00:23]} (10... a6 11. Nc2 h6 12. Ne3 Re8 13. h3 Bf8 14. Nd5 Rb8 15. Be3 Be6 {½-½ (43) Van Foreest,J (2629)-Harikrishna,P (2744) Riadh 2017}) 11. h3 {[%emt 0:03:01]} Be6 {[%emt 0:00:29]} 12. Bxe6 {[%emt 0:01:37]} fxe6 {[%emt 0:00:03]} 13. Nc4 {[%emt 0:00:40]} Nh7 $146 {[%emt 0:04:17]} ({Predecessor:} 13... Rc8 14. Bd2 {1-0 (51) Sammed Jaykumar,S (2320)-Wagh,S (2207) Kankarbagh 2017}) 14. b3 {[%emt 0:13:55]} Ng5 {[%emt 0:00:24]} 15. Nxg5 {[%emt 0:01:54]} Bxg5 {[%emt 0:00:38]} 16. Bxg5 {[%emt 0:09:35]} hxg5 {[%emt 0:00:06]} 17. Qg4 {[%emt 0:05:16]} Qe7 {[%emt 0:00:42]} 18. Qg3 {[%emt 0:00:20]} Rf4 {[%emt 0:02:36]} 19. Ne3 {[%emt 0:02:25]} Raf8 {[%emt 0:00:39]} 20. Ng4 $14 {[%emt 0:00:57]} d5 {[%emt 0:01:17]} 21. exd5 {[%emt 0:10:53]} exd5 {[%emt 0:00:41]} 22. Ra2 {[%emt 0:02:54]} d4 {[%emt 0:05:24]} 23. c4 {[%emt 0:01:40]} Qc7 {[%emt 0:00:52]} 24. Rae2 {[%emt 0:01:58]} R8f5 {[%emt 0:03:01]} 25. f3 {[%emt 0:02:40]} Qb6 {[%emt 0:05:11]} 26. Nxe5 {[%emt 0:02:55]} Nxe5 {[%emt 0:01:18]} 27. Rxe5 {[%emt 0:00:02]} Qxb3 {[%emt 0:00:41]} 28. Rxf5 {[%emt 0:02:17]} Rxf5 {[%emt 0:00:09]} 29. Re8+ {[%emt 0:05:00]} Kf7 {[%emt 0:03:09]} 30. Qe1 {[%emt 0:01:20]} Rf6 {[%emt 0:07:49]} 31. Qe7+ {[%emt 0:02:50]} Kg6 {[%emt 0:00:06]} 32. Qe4+ {[%emt 0:00:18]} Kf7 {[%emt 0:00:07]} 33. Qe7+ {[%emt 0:07:34]} Kg6 {[%emt 0:00:06]} 34. Rg8 {[%emt 0:00:53]} Qd1+ {[%emt 0:04:54]} 35. Kh2 {[%emt 0:00:32]} Qxd3 {[%emt 0:00:11]} 36. Qxg7+ {[%emt 0:00:37]} 1/2-1/2

[Event "S. A. Group BAN-chT 2018"]
[Site "Dhaka"]
[Date "2018.12.08"]
[Round "3"]
[White "Mohammed Abdul, Malek"]
[Black "Mohammad Minhaz Uddin"]
[Result "1/2-1/2"]
[WhiteElo "2208"]
[BlackElo "2290"]
[Annotator "NA"]
[PlyCount "125"]
[EventDate "2018.12.07"]
[EventType "team-tourn"]
[EventCountry "BAN"]
[SourceTitle "playchess.com"]
[Source "ChessBase"]
[SourceQuality "1"]
[TimeControl "5400+30"]

1. e4 {[%emt 0:00:00]} e5 {[%emt 0:17:16]} 2. Nf3 {[%emt 0:00:00]} Nf6 {[%emt 0:01:25]} 3. Nxe5 {[%emt 0:00:00]} d6 {[%emt 0:00:03]} 4. Nf3 {[%emt 0:00:00]} Nxe4 {[%emt 0:00:10]} 5. Qe2 {[%emt 0:00:24]} Qe7 {[%emt 0:00:08]} 6. d3 {[%emt 0:00:05]} Nf6 {[%emt 0:00:15]} 7. Bg5 {[%emt 0:00:10]} Be6 {[%emt 0:00:36]} 8. Nc3 {[%emt 0:03:21]} c6 {[%emt 0:03:50] C42: Petroff Defence: 3 Nxe5 and unusual White 3rd moves} 9. h3 $146 {[%emt 0:02:01]} ({Predecessor:} 9. O-O-O Nbd7 10. Nd4 O-O-O 11. f4 h6 12. Bh4 g5 13. fxg5 Nh7 14. Nxe6 fxe6 15. Bf2 Qxg5+ 16. Kb1 {0-1 (78) Meylan,A (2179)-Vitoux,C (2384) Brest 2018}) 9... h6 {[%emt 0:01:12]} 10. Bh4 {[%emt 0:00:36]} g5 {[%emt 0:02:51]} 11. Bg3 {[%emt 0:00:19]} Nh5 {[%emt 0:00:14]} 12. Bh2 {[%emt 0:01:01]} Bg7 {[%emt 0:00:43]} 13. d4 {[%emt 0:06:29]} Nd7 {[%emt 0:08:26]} 14. O-O-O {[%emt 0:01:09]} Nb6 {[%emt 0:01:43]} 15. Kb1 {[%emt 0:03:11]} Nf6 {[%emt 0:07:00]} 16. Qd2 {[%emt 0:03:25]} O-O-O {[%emt 0:00:25]} 17. Bd3 {[%emt 0:00:21]} Qc7 {[%emt 0:04:56]} 18. Rhe1 $14 {[%emt 0:01:52]} Nc4 {[%emt 0:03:03]} 19. Qe2 {[%emt 0:01:03]} b5 {[%emt 0:01:31]} 20. Bxc4 {[%emt 0:04:32]} Bxc4 {[%emt 0:00:56]} 21. Qd2 {[%emt 0:02:12]} Be6 {[%emt 0:03:25]} 22. a3 {[%emt 0:06:59]} Rhe8 {[%emt 0:08:00]} 23. Ng1 {[%emt 0:03:51]} Nd5 {[%emt 0:01:16]} 24. Nxd5 {[%emt 0:00:18]} Bxd5 {[%emt 0:00:05]} 25. Rxe8 {[%emt 0:01:32]} Rxe8 {[%emt 0:00:03]} 26. f4 {[%emt 0:00:49]} f6 {[%emt 0:02:16]} 27. g4 {[%emt 0:01:08]} Bf8 {[%emt 0:03:00]} 28. Re1 {[%emt 0:01:56]} Rxe1+ {[%emt 0:01:59]} 29. Qxe1 {[%emt 0:00:02]} Qe7 {[%emt 0:02:02]} 30. Qxe7 {[%emt 0:00:21]} Bxe7 {[%emt 0:00:03]} 31. Kc1 {[%emt 0:00:45]} Kd7 {[%emt 0:03:13]} 32. Kd2 {[%emt 0:00:20]} Be4 {[%emt 0:00:32]} 33. c3 {[%emt 0:01:15]} Ke6 {[%emt 0:08:50]} 34. f5+ {[%emt 0:07:40]} Kd5 {[%emt 0:00:36]} 35. b3 {[%emt 0:05:33]} a5 {[%emt 0:01:25]} 36. Ne2 {[%emt 0:00:15]} c5 {[%emt 0:06:40]} 37. c4+ {[%emt 0:01:54]} bxc4 {[%emt 0:03:30]} 38. Nc3+ {[%emt 0:00:20]} Kxd4 {[%emt 0:02:44]} 39. Bg1+ {[%emt 0:00:10]} Ke5 {[%emt 0:00:01]} 40. Ke3 {[%emt 0:02:13]} Bxf5 {[%emt 0:00:02]} 41. Bh2+ {[%emt 0:00:43]} Ke6 {[%emt 0:00:01]} 42. gxf5+ {[%emt 0:00:26]} Kxf5 {[%emt 0:00:03]} 43. bxc4 {[%emt 0:00:29]} Ke6 {[%emt 0:00:03]} 44. a4 {[%emt 0:00:40]} f5 {[%emt 0:00:06]} 45. Nd5 {[%emt 0:00:11]} Bf8 {[%emt 0:02:15]} 46. Kf3 {[%emt 0:01:07]} Bg7 {[%emt 0:02:59]} 47. Bg3 {[%emt 0:00:26]} Be5 {[%emt 0:01:06]} 48. Be1 {[%emt 0:00:10]} h5 {[%emt 0:00:01]} 49. Bxa5 {[%emt 0:03:10]} g4+ {[%emt 0:00:02]} 50. Kg2 {[%emt 0:01:52]} f4 {[%emt 0:00:06]} 51. hxg4 {[%emt 0:01:50]} hxg4 {[%emt 0:00:02]} 52. Bc3 {[%emt 0:01:32]} f3+ {[%emt 0:01:26]} 53. Kf2 {[%emt 0:00:34]} Bd4+ {[%emt 0:00:38]} 54. Bxd4 {[%emt 0:00:37]} cxd4 {[%emt 0:00:02]} 55. a5 {[%emt 0:00:03]} Kd7 {[%emt 0:00:24]} 56. Nb4 {[%emt 0:00:20]} Kc7 {[%emt 0:00:30]} 57. Kg3 {[%emt 0:00:44]} Kb7 {[%emt 0:00:00]} 58. Nd3 {[%emt 0:01:51]} Ka6 {[%emt 0:00:01]} 59. Kxg4 {[%emt 0:00:19]} f2 {[%emt 0:00:05]} 60. Nxf2 {[%emt 0:00:14]} Kxa5 {[%emt 0:00:01]} 61. Nd3 {[%emt 0:03:42]} Ka4 {[%emt 0:00:10]} 62. Kf4 {[%emt 0:00:28]} Kb3 {[%emt 0:00:04]} 63. c5 {[%emt 0:00:24]} 1/2-1/2

[Event "S. A. Group BAN-chT 2018"]
[Site "Dhaka"]
[Date "2018.12.08"]
[Round "3"]
[White "Ahmed, Sk. Nasir"]
[Black "Ghosh, Diptayan"]
[Result "0-1"]
[WhiteElo "2119"]
[BlackElo "2541"]
[Annotator "TA"]
[PlyCount "106"]
[EventDate "2018.12.07"]
[EventType "team-tourn"]
[EventCountry "BAN"]
[SourceTitle "playchess.com"]
[Source "ChessBase"]
[SourceQuality "1"]

{[%evp 21,106,-4,0,-15,0,0,30,10,53,46,41,-18,-21,-31,-50,-70,-64,-75,-81,-74,-53,-54,-27,-27,-32,-25,-18,-18,-25,-64,0,0,0,0,0,0,0,0,50,53,37,-21,-8,-8,-8,-8,0,-77,-78,-77,-9,-9,-13,-90,-22,-27,-29,-41,-36,-366,-276,-276,-276,-239,-242,-260,-199,-187,-184,-260,-79,-79,-79,-79,-8,-5102,-2283,-29949,-29942,-29955,-12827,-29959,-29961,-12800,-12636,-6129,-4626]} 1. e4 e5 2. Nf3 Nc6 3. d4 exd4 4. Nxd4 Bc5 5. Nxc6 Qf6 6. Qf3 bxc6 7. Nd2 {C45: Scotch Game} (7. Nc3 d6 8. Qg3 h5 9. h4 Bd4 10. Bg5 Qe5 11. Qxe5+ Bxe5 12. O-O-O Bxc3 13. bxc3 Be6 14. Rd4 f6 {½-½ (71) Nepomniachtchi,I (2751)-Le,Q (2739) Saint Louis 2017}) 7... d6 8. Nb3 Bb6 9. a4 a5 10. Bd2 Qxf3 11. gxf3 Ne7 {LiveBook: 60 Games} 12. Be3 O-O 13. O-O-O Rd8 $146 ({Predecessor:} 13... Bxe3+ 14. fxe3 Ng6 {0-1 (45) Tomczak,J (2543)-Duda,J (2380) Warsaw 2012}) 14. Bc4 Be6 (14... Rb8 {is more complex.} 15. Be2 g6 16. Nd4 Kg7 17. h4 h5) 15. Bxe6 fxe6 16. e5 (16. h4 $14) 16... d5 $11 {[%cal Bd6d5,Bd5c4][%mdl 32]} 17. Rhe1 Rf8 18. c4 dxc4 19. Nd4 Nd5 20. Nxe6 {And now Bxb6 would win.} Rxf3 {[%cal Rd5e3]} 21. Nd4 $1 {[%cal Rd4f3]} Rh3 {Threatens to win with ...Nb4.} 22. Nxc6 Nxe3 23. fxe3 Re8 24. Rd7 Rxh2 25. Ne7+ Kh8 (25... Kf7 $1 $15 26. Nc6+ Ke6 27. Rxg7 Kd5) 26. Nd5 $1 Rh6 27. Kc2 Rg6 28. Nxc7 Bxc7 29. Rxc7 {[%mdl 4096] Endgame KRR-KRR} h5 30. Rc5 h4 31. Rxc4 ({Better is} 31. Rh1 $14 Rh6 32. Rxa5) 31... Rh6 32. Rg1 Rxe5 33. Rcg4 Rh7 34. e4 (34. Kd3 $11 {remains equal.}) 34... h3 35. Rh1 h2 {[#]} (35... Reh5 $17 36. b4 axb4) 36. b4 $1 {[%mdl 512]} axb4 37. Kb3 (37. Rg2 $11 {keeps the balance.}) 37... Kg8 (37... Rh3+ $17 38. Kxb4 Kg8) 38. Rg2 Rh3+ 39. Kb2 $1 Reh5 {[#]} 40. a5 $1 {[%mdl 8704]} Rxa5 $19 41. Rgxh2 Rxh2+ 42. Rxh2 {KR-KR} Ra3 43. Rc2 Re3 $1 44. Rc4 b3 $1 45. Rb4 (45. Rc1 {is a better defense.}) 45... Kf7 $2 (45... g5 $1 $19 {has better winning chances. ...g4 is the strong threat.} 46. Rb5 Rg3) 46. Rxb3 $17 Rxe4 47. Kc2 {[#]} g5 (47... Rd4 $1 $17 48. Rg3 Rd5) 48. Rb6 $2 {[%mdl 8192] [#]} (48. Kd3 $11 Re6 49. Rb1) 48... Re6 $1 $19 {[%cal Re6b6]} 49. Rb3 Kg6 50. Kd2 Kh5 51. Rb1 g4 52. Rh1+ Kg5 53. Rg1 Kh4 {Accuracy: White = 44%, Black = 54%.} 0-1

[Event "S. A. Group BAN-chT 2018"]
[Site "Dhaka"]
[Date "2018.12.08"]
[Round "3"]
[White "Uten"]
[Black "Mohammed, Mainuddin"]
[Result "1-0"]
[WhiteElo "2114"]
[BlackElo "1950"]
[Annotator "NA"]
[PlyCount "85"]
[EventDate "2018.12.07"]
[EventType "team-tourn"]
[EventCountry "BAN"]
[SourceTitle "playchess.com"]
[Source "ChessBase"]
[SourceQuality "1"]
[TimeControl "5400+30"]

1. d4 {[%emt 1:30:30]} d5 {[%emt 1:30:30]} 2. Nf3 {[%emt 0:00:30]} Nf6 {[%emt 0:00:30]} 3. c4 {[%emt 0:00:30]} e6 {[%emt 0:00:30]} 4. e3 {[%emt 0:00:30]} Be7 {[%emt 0:00:30]} 5. Nc3 {[%emt 0:00:30]} O-O {[%emt 0:00:30]} 6. Bd3 {[%emt 0:00:30]} b6 {[%emt 0:00:30]} 7. e4 {[%emt 0:00:30]} dxe4 {[%emt 0:00:30]} 8. Nxe4 {[%emt 0:00:30]} Bb7 {[%emt 0:00:30]} 9. Qc2 {[%emt 0:00:30]} Nbd7 {[%emt 0:00:30]} 10. O-O {[%emt 0:00:30]} Nxe4 {[%emt 0:00:30]} 11. Bxe4 {[%emt 0:00:30]} Bxe4 {[%emt 0:00:30]} 12. Qxe4 {[%emt 0:00:30]} Nf6 {[%emt 0:00:30] E14: Queen's Indian: Classical Variation (4 e3)} (12... c5 13. Bf4 cxd4 14. Nxd4 Nf6 15. Qd3 Qc8 16. Rad1 Qc5 17. b4 Qh5 18. Nc6 Rfe8 19. h3 Rac8 20. b5 {1-0 (36) Slobodjan,R (2555)-Votava,J (2540) Germany 2009}) 13. Qe2 {[%emt 0:00:30]} c5 {[%emt 0:00:30]} 14. Rd1 {[%emt 0:00:30]} cxd4 {[%emt 0:00:30]} 15. Nxd4 {[%emt 0:00:30]} Qc7 {[%emt 0:00:30]} 16. b3 {[%emt 0:00:30]} Rad8 {[%emt 0:00:30]} 17. Bb2 {[%emt 0:00:30]} Qb7 $146 {[%emt 0:00:30]} ({Predecessor:} 17... a6 18. Rd3 g6 19. Re1 Nh5 20. g3 {½-½ (58) Forman,S (2278)-Postupa,M (2125) Czech Republic 2016}) 18. Rd3 {[%emt 0:00:30]} Rd7 {[%emt 0:00:30]} 19. Rad1 {[%emt 0:00:30]} Rfd8 {[%emt 0:00:30]} 20. Nb5 {[%emt 0:00:30]} Rxd3 {[%emt 0:00:30]} 21. Rxd3 $11 {[%emt 0:00:30]} Rxd3 {[%emt 0:00:30]} 22. Qxd3 {[%emt 0:00:30]} Ne8 {[%emt 0:00:30]} 23. Be5 {[%emt 0:00:30]} h6 {[%emt 0:00:30]} 24. h3 {[%emt 0:00:30]} a6 {[%emt 0:00:30]} 25. Nc7 {[%emt 0:00:30]} Qc8 {[%emt 0:00:30]} 26. Nxe8 {[%emt 0:00:30]} Qxe8 {[%emt 0:00:30]} 27. Qg3 {[%emt 0:00:30]} Bf8 {[%emt 0:00:30]} 28. Bd4 {[%emt 0:00:30]} Qd8 {[%emt 0:00:30]} 29. Qe3 {[%emt 0:00:30]} b5 {[%emt 0:00:30]} 30. c5 {[%emt 0:00:30]} Qd5 {[%emt 0:00:30]} 31. Qc3 {[%emt 0:00:30]} e5 {[%emt 0:00:30]} 32. Be3 {[%emt 0:00:30]} e4 {[%emt 0:00:30]} 33. Qd4 {[%emt 0:00:30]} Qc6 {[%emt 0:00:30]} 34. Qd8 {[%emt 0:00:30]} f6 {[%emt 0:00:30]} 35. b4 {[%emt 0:00:30]} Kf7 {[%emt 0:00:30]} 36. Qb6 {[%emt 0:00:30]} Qc8 {[%emt 0:00:30]} 37. Bf4 {[%emt 0:00:30]} Ke8 {[%emt 0:00:30]} 38. a3 {[%emt 0:00:30]} Kd7 {[%emt 0:00:30]} 39. g4 {[%emt 0:00:30]} Qc6 {[%emt 0:00:30]} 40. Qa7+ {[%emt 0:00:30]} Ke6 {[%emt 0:00:30]} 41. Qb8 {[%emt 0:00:30]} Be7 {[%emt 0:00:30]} 42. Qg8+ {[%emt 0:00:30]} Kd7 {[%emt 0:00:30]} 43. Qxg7 {[%emt 0:00:30]} 1-0

[Event "S. A. Group BAN-chT 2018"]
[Site "Dhaka"]
[Date "2018.12.08"]
[Round "3"]
[White "Hasan Md, Emam"]
[Black "Anisuzzaman, Jewel"]
[Result "0-1"]
[WhiteElo "2076"]
[BlackElo "1902"]
[Annotator "NA"]
[PlyCount "58"]
[EventDate "2018.12.07"]
[EventType "team-tourn"]
[EventCountry "BAN"]
[SourceTitle "playchess.com"]
[Source "ChessBase"]
[SourceQuality "1"]
[TimeControl "5400+30"]

1. e4 {[%emt 0:04:26]} d6 {[%emt 0:00:04]} 2. d4 {[%emt 0:00:02]} Nf6 {[%emt 0:01:25]} 3. Nc3 {[%emt 0:00:03]} g6 {[%emt 0:00:29]} 4. Be3 {[%emt 0:00:43]} a6 {[%emt 0:01:27]} 5. Qd2 {[%emt 0:00:46]} b5 {[%emt 0:01:04]} 6. f3 {[%emt 0:02:26]} Nbd7 {[%emt 0:04:06]} 7. a4 {[%emt 0:08:09]} b4 {[%emt 0:01:33]} 8. Na2 {[%emt 0:01:52]} a5 {[%emt 0:03:05]} 9. c3 {[%emt 0:00:46]} c5 {[%emt 0:05:44]} 10. dxc5 {[%emt 0:01:46]} dxc5 {[%emt 0:04:46]} 11. Rd1 {[%emt 0:06:12]} e6 $11 {[%emt 0:04:50]} 12. Nc1 {[%emt 0:11:45]} Be7 {[%emt 0:13:57]} 13. Nb3 {[%emt 0:01:36]} Qc7 {[%emt 0:03:04]} 14. cxb4 {[%emt 0:11:10]} axb4 {[%emt 0:01:41]} 15. Rc1 {[%emt 0:01:03]} O-O {[%emt 0:01:15]} 16. a5 {[%emt 0:01:47]} Qa7 {[%emt 0:10:01]} 17. Qf2 {[%emt 0:02:59]} Ba6 {[%emt 0:05:10]} 18. Nxc5 {[%emt 0:09:14]} Nxc5 {[%emt 0:00:43]} 19. Bxc5 {[%emt 0:00:15]} Bxc5 {[%emt 0:00:39]} 20. Rxc5 {[%emt 0:03:23]} Bxf1 {[%emt 0:02:36]} 21. Kxf1 {[%emt 0:00:03]} Rfd8 {[%emt 0:00:17]} 22. g3 {[%emt 0:05:06]} Nd7 {[%emt 0:09:07]} 23. Rb5 {[%emt 0:03:16]} Qc7 {[%emt 0:03:48]} 24. Ne2 {[%emt 0:04:17]} Qc4 {[%emt 0:00:50]} 25. Rb7 {[%emt 0:01:55]} Rxa5 {[%emt 0:03:31]} 26. Kg2 {[%emt 0:00:17]} Ne5 {[%emt 0:01:13]} 27. Rc1 {[%emt 0:01:16]} Qa6 {[%emt 0:02:33]} 28. Rb6 {[%emt 0:14:28]} Qa7 {[%emt 0:00:45]} 29. Rxb4 {[%emt 0:01:37]} Qxf2+ {[%emt 0:00:16]} 0-1